Catálogo

Teoría general del estado. (Registro nro. 31303)

Detalles MARC
000 -LEADER
fixed length control field 00614nam a2200217 a 4500
001 - CONTROL NUMBER
control field 31303
005 - DATE AND TIME OF LATEST TRANSACTION
control field 20180713234701.0
008 - FIXED-LENGTH DATA ELEMENTS--GENERAL INFORMATION
fixed length control field 140415s2000 mx 000 0 spa d
020 ## - INTERNATIONAL STANDARD BOOK NUMBER
International Standard Book Number 9686034862
041 ## - LANGUAGE CODE
Language code of text/sound track or separate title spa
082 ## - DEWEY DECIMAL CLASSIFICATION NUMBER
Classification number 320.101
Item number SAN
100 1# - MAIN ENTRY--PERSONAL NAME
Personal name Andrade Sánchez, Eduardo
Relator term autor
245 10 - TITLE STATEMENT
Title Teoría general del estado.
250 ## - EDITION STATEMENT
Edition statement Primera edición
264 ## - PRODUCTION, PUBLICATION, DISTRIBUTION, MANUFACTURE, AND COPYRIGHT NOTICE
Place of production, publication, distribution, manufacture México :
Name of producer, publisher, distributor, manufacturer Oxford,
Date of production, publication, distribution, manufacture, or copyright notice 2000
300 ## - PHYSICAL DESCRIPTION
Extent 474 Páginas ;
Dimensions 24 cm.
336 ## - CONTENT TYPE
Content type term texto
Source rdacontent
337 ## - MEDIA TYPE
Media type term sin mediación
Source rdamedia
338 ## - CARRIER TYPE
Carrier type term volumen
Source rdacarrier
700 1# - ADDED ENTRY--PERSONAL NAME
Personal name Martinez Jimenez, Jorge
Relator term tr.
Existencias
Withdrawn status Lost status Source of classification or shelving scheme Damaged status Not for loan Home library Current library Shelving location Date acquired Source of acquisition Total Checkouts Full call number Barcode Price effective from Koha item type Collection code Date last seen Date last checked out
  Extraviado Dewey Decimal Classification     Biblioteca Karol Wojtyla Biblioteca Karol Wojtyla   03/12/2013 Compra   320.1 AND 40825 03/12/2013 Libro      
    Dewey Decimal Classification     Tehuacán Tehuacán Sala general 03/12/2013 Compra   320.101 SAN 506084 03/12/2013 Libro General 08/01/2025 01/09/2016